[Event "Treviso op-B 34th"]
[Site "Treviso"]
[Date "2010.12.03"]
[Round "1.12"]
[White "Scian, Nicola"]
[Black "Giacomini, Edoardo"]
[Result "1-0"]
[WhiteElo "1737"]
[BlackElo "1413"]
[PlyCount "45"]
[EventDate "2010.12.03"]
[EventType "swiss"]
[EventRounds "5"]
[EventCountry "ITA"]
[SourceTitle "EXT 2024"]
[Source "ChessBase"]
[SourceDate "2023.10.10"]
[SourceVersion "1"]
[SourceVersionDate "2023.10.10"]
[SourceQuality "1"]

1. e4 c5 2. Nf3 Nc6 3. Bb5 Qb6 4. Nc3 Nf6 5. e5 Ne4 6. Nd5 Qd8 7. Bd3 e6 8. Bxe4 exd5 9. Bxd5 Nb4 10. Be4 d5 11. exd6 Qxd6 12. 0-0 Qf4 13. d4 Qf6 14. Bg5 Qb6 15. Re1 Kd7 16. dxc5+ Nd5 17. Qxd5+ Qd6 18. cxd6 f6 19. Qf7+ Kxd6 20. Bf4+ Kc5 21. Qc7+ Kb5 22. Bd3+ Kb4 23. Re4# 1-0